Quiz sur une carte - Bouches-du-Rhône - Statistiques

Statistiques générales
  • Ce quiz a été pris 258 fois
  • Le résultat moyen est 14 sur 30
Réponses sur la Carte
Les réponses sont colorées sur une échelle allant du rouge au vert en fonction du pourcentage des utilisateurs qui les ont devinées à leur premier essai. Vous pouvez retrouver ces pourcentages ci-dessous.
 
Statistiques - réponses
Réponse % Correct
Marseille
94%
Le Rhône
83%
Aix-en-Provence
81%
Bataille d'{Aix}
81%
Var
79%
Mer {Méditerranée}
75%
Arles
74%
Vaucluse
73%
Gard
70%
Pernod Ricard
69%
Étang de {Berre}
67%
Parc national des {Calanques}
64%
Notre-Dame de la Garde
62%
Aubagne
55%
Martigues
55%
Château d'If
52%
CMACGM
52%
Parc naturel régional de {Camargue}
39%
Massif des {Alpilles}
33%
Massif de la {Sainte-Baume}
25%
Golfe {von Fos}
23%
Arènes d'Arles
21%
L'Arc
12%
Château des Baux-de-Provence
11%
Massif de {l'Étoile}
9%
Airbus Helicopters
8%
Golfe de {Beauduc}
8%
La Touloubre
5%
Baie de {Bandol}
3%
Réserve naturelle nationale des {Coussouls de Crau}
3%
Aucun quiz correspondant
Distribution des résultats
% des personnes avec chaque résultat
Percentile par nombre de réponses
Votre historique - résultats
Vous n’avez pas pris ce quiz